000 00264nam a2200109Ia 4500
008 200302s9999 xx 000 0 und d
100 _aChris Van Uffelen
245 _aBamboo Architecture and Design
260 _bBraun Publishing AG
260 _c2015
300 _a183
999 _c3670
_d3670